Statistics for T Answers Quiz #1

Click here to take the quiz!

General Stats

  • This quiz has been taken 40,515 times
  • The average score is 17 of 24

Answer Stats

Clue Answer % Correct
Biggest city in CanadaToronto
98%
Bangkok is its capitalThailand
97%
Norse god of thunderThor
90%
Region that is home to DraculaTransylvania
90%
London's riverThames
89%
"Everything's bigger" in this U.S. StateTexas
86%
Disease known as TBTuberculosis
85%
Capital of JapanTokyo
79%
Russian video game with falling blocksTetris
75%
First name of rapper ShakurTupac
74%
Korean martial artTaekwondo
74%
Australian island and stateTasmania
73%
Broadway's equivalent to the Oscar awardTony
67%
English dynasty of Henry VIII and ElizabethTudor
66%
Capital of TaiwanTaipei
65%
Beijing square and
site of a 1989 massacre
Tiananmen
64%
Italian region of FlorenceTuscany
62%
Mexican state or hot sauce brandTabasco
60%
Non-stick chemical made by DuPontTeflon
53%
City about 15 miles south of San DiegoTijuana
51%
Filipino languageTagalog
44%
Biggest British retailerTesco
43%
Ethnic group of Sri Lanka
and southern India
Tamil
42%
Tropical island visited by the HMS BountyTahiti
40%

Score Distribution

Percentile by Number Answered

Percent of People with Each Score

Your Score History

You have not taken this quiz